Revista jurídica de Buenos Aires. derecho internacional público / Año 2012 :
Guardado en:
| Autor Principal: | |
|---|---|
| Formato: | Libro |
| Idioma: | Spanish |
| Publicado: |
Buenos Aires :
Abeledo Perrot; Departamento de publicaciones UBA,
2012.
|
| Edición: | 1a. ed. |
| Materias: | |
| Etiquetas: |
Agregar Etiqueta
Sin Etiquetas, Sea el primero en etiquetar este registro!
|
| LEADER | 00596nam a22001575a 4500 | ||
|---|---|---|---|
| 001 | DER.der015706 | ||
| 008 | 260224s2012####ag#||||||||||||||#||spa|| | ||
| 005 | 20260224081941.0 | ||
| 245 | 1 | 0 | |a Revista jurídica de Buenos Aires. |p Año 2012 : |b derecho internacional público / |c coordinado por Hortensia Gutiérrez Posse. |
| 250 | |a 1a. ed. | ||
| 260 | |a Buenos Aires : |b Abeledo Perrot; Departamento de publicaciones UBA, |c 2012. | ||
| 300 | |a 533 p. | ||
| 022 | |a 03267431 | ||
| 100 | 1 | |a Gutiérrez Posse, Hortensia, |e coord. | |
| 650 | 7 | |a DERECHO INTERNACIONAL PUBLICO | |
| 859 | |a DERECHO |b BIB. DERECHO |h 341.05 |i REV |p 007343 | ||
